000 00591nam a22001937a 4500
005 20231206112309.0
010 _aENG-137643
020 _a8180880842
_c90.00
035 _aEN-121175
037 _bDBAD/PUB
082 _a270
100 _aQutb Muhammad
_959549
245 _aIslam:
_bThe Misunderstood Religion/
_cBy Muhammad Qutb
250 _a
260 _aNew Delhi
_bMarkazi Maktaba Islami Pubishers
_c2016
270 _aD- 307, Dawat Nagar, Abul Fazl Enclave, Jamia Nagar, Okhla
_bNew Delhi
_e110025
300 _a269p.
_c21cm(pbk)
942 _2ddc
_cEN
_h270
_kQUT
999 _c196816
_d196816